Statistics for All nightmare on elm street movies

Click here to take the quiz!

General Stats

  • This quiz has been taken 13 times
  • The average score is 8 of 9

Answer Stats

HintAnswer% Correct
9 (2010)A nightmare on elm street
100%
3 (1987)Dream warriors
100%
1 (1984)Nightmare on elm street
100%
2 (1985)Freddy's Revenge
86%
5 (1989)The dream child
86%
4 (1988)The dream master
86%
7 (1994)New nightmare
71%
6 (1991)The final nightmare
71%
8 (2003)Freddy vs Jason
57%

Score Distribution

Percentile by Number Answered

Percent of People with Each Score

Your Score History

You have not taken this quiz